5 Largest Cities In The World (S-T-U) - Statistics

General Stats
  • This quiz has been taken 85 times
  • The average score is 10 of 15
Answer Stats
COUNTRY POPULATION CITY % Correct
South Korea 10,349,312 Seoul
97%
China 22,315,474 Shanghai
97%
Japan 8,336,599 Tokyo
97%
Brazil 10,021,295 Sao Paulo
93%
Taiwan 7,871,900 Taipei
93%
Mongolia 844,818 Ulan Bator
93%
Iran 7,153,309 Tehran
90%
China 11,090,314 Tianjin
73%
China 3,029,372 Urumqi
66%
China 10,358,381 Shenzhen
61%
Russia 1,033,338 Ufa
54%
China 6,255,921 Shenyang
37%
South Korea 962,865 Ulsan
34%
Russia 640,680 Ulyanovsk
19%
China 5,499,000 Tai'an
4%
No matching quizzes found
Score Distribution
Percent of People with Each Score
Percentile by Number Answered
Your Score History
You have not taken this quiz